01594nac a22003251i 4500003000900000005001700009008004100026020001500067020001800082040004300100082002000143100002600163245035100189250002300540264006000563300004600623336002600669337002800695338002700723490008600750500002400836504005200860521010900912650003201021655001701053700002801070942001201098999001501110952014301125EG-ScBUE20250526091550.0250413r20081997ii a f b 001 0 eng d a8121914752 a9788121914758 aEG-ScBUEbengerdacEG-ScBUEdEG-ScBUE04a530.41bPUR2221 aPuri, R. K.,eauthor.10aSolid state physics and electronics :bfor the students of B.Sc. pass and honours courses of all Indian Universities as per UGC model syllabus /cR. K. Puri, Ph.D., ex-professor, Department of Physics, Indian Institute of Technology, New Delhi, V. K. Babbar, Ph.D., ex-lecturer, Department of Applied Physics, Guru Nanak Dev University, Amritsar. aReprinted edition. 1aRam Nagar, New Delhi :bS. Chand & Company LTD.,c2008. axvi, 595 pages :billustrations ;c19 cm. 2rdacontentatextbtxt aunmediated2rdamediabn avolumebnc2rdacarrier0 aS. chand's simplified course series for B.A., B.Sc., and competitive examinations aIncludes appendix.  aIncludes bibliographical references and index.  aFor the students of B.Sc. pass and Honours courses of all Indian universities as per UGC model syllabus. 7aSolid state physics.2BUEsh vReading book1 aBabbar, V. K.,eauthor. cBB2ddc c8304d8304 00102ddc40708AlahramaMAINbMAINc1STd2008-03-03ePurchasel1o530.41 PURp000009973r2025-07-15 00:00:00s2024-10-17w2008-03-03yBB